[Event "4. Open Ciudad de Tres Cantos 2012"]
[Site "Tres Cantos ESP"]
[Date "2012.06.28"]
[Round "8.35"]
[White "Benitez Cadenas, Luis Miguel"]
[Black "Cabrera Jordan, Esteban"]
[Result "1-0"]
[WhiteElo "1719"]
[BlackElo "1673"]
[PlyCount "57"]
[EventDate "2012.06.21"]
[EventType "swiss"]
[EventRounds "9"]
[EventCountry "ESP"]
[Source "lmi"]
[SourceDate "2012.06.21"]

1. d4 d5 2. g3 g6 3. Bg2 Nf6 4. Nf3 Bg7 5. O-O Bf5 6. c4 dxc4 7. Nbd2 Be6 8.
Qc2 b5 9. Ne5 Bd5 10. e4 Bb7 11. b3 Qxd4 12. Bb2 Qb6 13. bxc4 a6 14. Rfc1 b4
15. Qa4+ c6 16. c5 Qb5 17. Qb3 Qe2 18. Bf1 Qh5 19. Qxf7+ Kd8 20. Qxg7 Rg8 21.
Qf7 Nbd7 22. Nxd7 Kxd7 23. Nc4 Ng4 24. Rd1+ Kc7 25. Qxe7+ Kb8 26. h3 Nh6 27.
Na5 Ra7 28. Rd7 Kc8 29. Rc7+ 1-0

[Event "4. Open Ciudad de Tres Cantos 2012"]
[Site "Tres Cantos ESP"]
[Date "2012.06.28"]
[Round "8.36"]
[White "Santamaria Baeza, Adolfo"]
[Black "Hernandez Ramos, David"]
[Result "1-0"]
[WhiteElo "1934"]
[BlackElo "1619"]
[PlyCount "47"]
[EventDate "2012.06.21"]
[EventType "swiss"]
[EventRounds "9"]
[EventCountry "ESP"]
[Source "lmi"]
[SourceDate "2012.06.21"]

1. e4 e6 2. d4 d5 3. exd5 exd5 4. c4 c6 5. Nf3 Nf6 6. Nc3 Be7 7. cxd5 Nxd5 8.
Bd3 O-O 9. O-O Bg4 10. Re1 Re8 11. h3 Bh5 12. Re5 Bg6 13. Nxd5 cxd5 14. Bxg6
hxg6 15. Qb3 Nc6 16. Rxd5 Qc7 17. Bg5 Bf8 18. Rc1 a6 19. Ne5 Bd6 20. Rxd6 Qxd6
21. Qxf7+ Kh7 22. Ng4 Re6 23. d5 Rf8 24. Qxe6 1-0

[Event "4. Open Ciudad de Tres Cantos 2012"]
[Site "Tres Cantos ESP"]
[Date "2012.06.28"]
[Round "8.37"]
[White "Blanco Fuente, Carlos"]
[Black "Saber, Salah"]
[Result "1-0"]
[WhiteElo "1658"]
[BlackElo "1929"]
[PlyCount "82"]
[EventDate "2012.06.21"]
[EventType "swiss"]
[EventRounds "9"]
[EventCountry "ESP"]
[Source "lmi"]
[SourceDate "2012.06.21"]

1. b3 e5 2. Bb2 Nc6 3. e3 d5 4. Bb5 Bd6 5. f4 Qe7 6. Nf3 Bg4 7. Bxc6+ bxc6 8.
fxe5 Bxe5 9. Bxe5 Bxf3 10. Qxf3 Qxe5 11. d4 Qg5 12. O-O Nf6 13. Nd2 O-O 14. Qf4
Qxf4 15. exf4 Rfe8 16. h3 Re2 17. Rf2 Rae8 18. Kf1 R2e3 19. Kg1 Rc3 20. Rc1 Ne4
21. Re2 f5 22. Nxe4 fxe4 23. Kf2 Kf7 24. Re3 Rxe3 25. Kxe3 Ke6 26. c4 Kd6 27.
g4 Rb8 28. f5 h6 29. h4 Rf8 30. h5 Rb8 31. Kf4 Ra8 32. g5 Rf8 33. Rg1 Ke7 34.
Rc1 Kd6 35. gxh6 gxh6 36. Rg1 Rf6 37. Rg7 c5 38. dxc5+ Kxc5 39. Rxc7+ Kd4 40.
Rd7 e3 41. Rxd5+ Kc3 1-0

[Event "4. Open Ciudad de Tres Cantos 2012"]
[Site "Tres Cantos ESP"]
[Date "2012.06.28"]
[Round "8.38"]
[White "Bravo Dominguez, Eduardo"]
[Black "Galan Aguado, Fernando"]
[Result "1/2-1/2"]
[WhiteElo "1596"]
[BlackElo "1839"]
[PlyCount "82"]
[EventDate "2012.06.21"]
[EventType "swiss"]
[EventRounds "9"]
[EventCountry "ESP"]
[Source "lmi"]
[SourceDate "2012.06.21"]

1. d4 d5 2. Nf3 Nf6 3. Bf4 e6 4. e3 Bd6 5. Bg3 Nbd7 6. Nbd2 Qe7 7. c3 b6 8. Ne5
Bb7 9. Ndf3 O-O 10. Bd3 Ne4 11. Nxd7 Qxd7 12. Ne5 Qe7 13. f3 Nf6 14. Bh4 c5 15.
Qb1 h6 16. Ng4 cxd4 17. Bxf6 gxf6 18. exd4 Kg7 19. Qc1 Rh8 20. O-O f5 21. Ne3
Rag8 22. Bxf5 Bxh2+ 23. Kxh2 Qc7+ 24. Kg1 exf5 25. Nxf5+ Kf8 26. Qe3 Bc8 27.
Nxh6 Rg6 28. Ng4 Bxg4 29. fxg4 Qh2+ 30. Kf2 Rf6+ 31. Ke2 Re6 32. Qxe6 Qxg2+ 33.
Rf2 Qxf2+ 34. Kxf2 fxe6 35. Kg3 Ke7 36. Re1 Rg8 37. Kh4 Rh8+ 38. Kg3 Rg8 39.
Kh4 Rh8+ 40. Kg3 Rg8 41. Kh4 Rh8+ 1/2-1/2

[Event "4. Open Ciudad de Tres Cantos 2012"]
[Site "Tres Cantos ESP"]
[Date "2012.06.28"]
[Round "8.39"]
[White "Gonzalez Mateo, Jose Luis"]
[Black "Perez Vazquez, Manuel"]
[Result "1/2-1/2"]
[WhiteElo "1827"]
[BlackElo "1734"]
[PlyCount "140"]
[EventDate "2012.06.21"]
[EventType "swiss"]
[EventRounds "9"]
[EventCountry "ESP"]
[Source "lmi"]
[SourceDate "2012.06.21"]

1. d4 f5 2. Bf4 Nf6 3. e3 e6 4. Nd2 b6 5. Qf3 d5 6. Bd3 Bd6 7. Bxd6 Qxd6 8. c3
Ba6 9. Bc2 Nbd7 10. Qh3 O-O-O 11. f4 Ng4 12. Qg3 h5 13. h3 h4 14. Qf3 Ngf6 15.
g4 hxg3 16. Qxg3 g5 17. Bd1 gxf4 18. exf4 Rdg8 19. Qe3 Ne4 20. Nxe4 fxe4 21.
Be2 Bxe2 22. Nxe2 Nf6 23. Kd2 Nh5 24. Rag1 Ng7 25. Rg5 Nf5 26. Qg1 Qf8 27. Qf1
Nh4 28. Rxg8 Rxg8 29. Qf2 Qh6 30. Kd1 Rg2 31. Qe3 Nf3 32. Kc1 Qh4 33. Kd1 Kb7
34. c4 Qh5 35. cxd5 exd5 36. Kc1 Qh6 37. Kb1 Qh5 38. b3 Nd2+ 39. Qxd2 Qxe2 40.
Qxe2 Rxe2 41. h4 Rf2 42. h5 Rxf4 43. h6 Rf8 44. h7 Rh8 45. Kc2 Kc8 46. Kd2 Kd7
47. Ke3 Ke7 48. Kf4 Kf6 49. Rh5 c6 50. Rh6+ Kg7 51. Rxc6 Kxh7 52. Rd6 Rf8+ 53.
Ke3 Rf3+ 54. Ke2 Rf5 55. Rd7+ Kg6 56. Rxa7 Rf7 57. Ra8 Rd7 58. Rb8 Rd6 59. a4
Kf7 60. b4 Ke7 61. Ra8 Rd7 62. a5 bxa5 63. Rxa5 Kd6 64. Kd2 Rb7 65. Kc3 Kc6 66.
Rc5+ Kd6 67. b5 Rc7 68. b6 Rb7 69. Rb5 Kc6 70. Rc5+ Kd6 1/2-1/2

[Event "4. Open Ciudad de Tres Cantos 2012"]
[Site "Tres Cantos ESP"]
[Date "2012.06.28"]
[Round "8.40"]
[White "Pindado Del Carmen, Eliseo"]
[Black "Tolosana Esteban, Enrique"]
[Result "0-1"]
[WhiteElo "1596"]
[BlackElo "1718"]
[PlyCount "106"]
[EventDate "2012.06.21"]
[EventType "swiss"]
[EventRounds "9"]
[EventCountry "ESP"]
[Source "lmi"]
[SourceDate "2012.06.21"]

1. d4 Nf6 2. c4 e6 3. Nc3 Bb4 4. Qc2 c5 5. Nf3 Nc6 6. e3 Bxc3+ 7. bxc3 d6 8.
Bd3 O-O 9. O-O e5 10. d5 Ne7 11. Ng5 h6 12. Nh7 Nxh7 13. Bxh7+ Kh8 14. Bd3 f5
15. Qe2 b6 16. Qh5 Ba6 17. a4 Rf6 18. g3 Nxd5 19. cxd5 Bxd3 20. Rd1 Bc2 21. Rd2
Bb3 22. Ra3 Bc4 23. h4 Qg8 24. g4 Bxd5 25. g5 Bf7 26. Qf3 e4 27. Qf4 hxg5 28.
hxg5 Rg6 29. f3 Qd8 30. Qh4+ Kg8 31. f4 Rh6 32. Qe1 Rh3 33. Kg2 Rf3 34. Qe2 d5
35. Bb2 Bh5 36. Qe1 Bg4 37. Ra1 Qe8 38. Qh4 Rh3 39. Qxh3 Bxh3+ 40. Kxh3 Qh5+
41. Kg2 Qf3+ 42. Kg1 Kf7 43. Rf2 Qxe3 44. Raf1 d4 45. cxd4 cxd4 46. Bc1 Qh3 47.
Rh2 Qg3+ 48. Rg2 Qb3 49. a5 Rh8 50. Rff2 Qd1+ 51. Rf1 Qh5 52. Bb2 e3 53. g6+
Ke6 0-1

[Event "4. Open Ciudad de Tres Cantos 2012"]
[Site "Tres Cantos ESP"]
[Date "2012.06.28"]
[Round "8.41"]
[White "Rodriguez Gomez, Jose"]
[Black "Martin Garcia, Francisco Javier"]
[Result "1-0"]
[WhiteElo "1708"]
[BlackElo "1612"]
[PlyCount "103"]
[EventDate "2012.06.21"]
[EventType "swiss"]
[EventRounds "9"]
[EventCountry "ESP"]
[Source "lmi"]
[SourceDate "2012.06.21"]

1. e4 c5 2. c4 Nc6 3. Nf3 d6 4. Nc3 e5 5. d3 g6 6. Be2 Bg7 7. a3 Nge7 8. Bg5 h6
9. Bd2 O-O 10. O-O f5 11. Rb1 f4 12. b4 b6 13. bxc5 dxc5 14. h3 Be6 15. Nd5 Qd7
16. Bc3 Nd4 17. Nxd4 exd4 18. Bd2 Be5 19. Bg4 Rf7 20. Bxe6 Qxe6 21. f3 Kh7 22.
Qa4 Nxd5 23. cxd5 Qd6 24. Qb5 Rg8 25. a4 Rgg7 26. a5 Rb7 27. Qc4 Bf6 28. Qa6
Be5 29. axb6 axb6 30. Rb5 g5 31. Rfb1 Ra7 32. Qxb6 Ra2 33. Be1 Ra3 34. Qxc5
Qxc5 35. Rxc5 Rxd3 36. Rc6 Rd7 37. Rcb6 Bg7 38. Kf2 Re3 39. g3 fxg3+ 40. Kg2
Re2+ 41. Kxg3 Be5+ 42. Kg4 Rf7 43. Rb7 Rg2+ 44. Kh5 Rxb7 45. Rxb7+ Bg7 46. d6
Rh2 47. d7 Rxh3+ 48. Kg4 Rh1 49. d8=Q Rg1+ 50. Bg3 h5+ 51. Kh3 h4 52. Rxg7+ 1-0

[Event "4. Open Ciudad de Tres Cantos 2012"]
[Site "Tres Cantos ESP"]
[Date "2012.06.28"]
[Round "8.42"]
[White "Sorribes Calle, Pablo"]
[Black "Salgado Duarte, Pablo"]
[Result "0-1"]
[WhiteElo "1692"]
[BlackElo "1565"]
[PlyCount "106"]
[EventDate "2012.06.21"]
[EventType "swiss"]
[EventRounds "9"]
[EventCountry "ESP"]
[Source "lmi"]
[SourceDate "2012.06.21"]

1. d4 d5 2. c4 e6 3. Nc3 Nf6 4. Bg5 Be7 5. e3 Nc6 6. Nf3 h6 7. Bh4 a6 8. Be2
O-O 9. O-O Re8 10. Rc1 dxc4 11. Bxc4 b5 12. Be2 Bb7 13. Qc2 Nb4 14. Qb1 Nfd5
15. Bxe7 Rxe7 16. Ne5 Nxc3 17. Rxc3 Nd5 18. Rc5 Nf6 19. Nc6 Bxc6 20. Rxc6 Nd5
21. Bf3 Ra7 22. Qe1 Qd7 23. Rc5 Nb6 24. Qb4 Qd6 25. b3 Nd7 26. Rd1 Nxc5 27.
dxc5 Qe5 28. Rd8+ Kh7 29. h3 f5 30. c6 Rf7 31. a4 Qf6 32. Qc5 Qxd8 33. Qxa7 Qc8
34. axb5 axb5 35. Qc5 Qb8 36. b4 Qb6 37. Qe5 Re7 38. g4 fxg4 39. Be4+ Kh8 40.
hxg4 Qb8 41. g5 Qd8 42. Qxb5 Qd1+ 43. Kg2 Qg4+ 44. Kf1 Qxe4 45. Qc5 Rf7 46. b5
Qh1+ 47. Ke2 Qf3+ 48. Kd3 Qd1+ 49. Ke4 Qb1+ 50. Kd4 Rf5 51. Qe7 Rd5+ 52. Kc3
Qd3+ 53. Kb4 Rxb5+ 0-1

[Event "4. Open Ciudad de Tres Cantos 2012"]
[Site "Tres Cantos ESP"]
[Date "2012.06.28"]
[Round "8.43"]
[White "De Torres Lopez, Ruben"]
[Black "Ballesteros Jimenez, Miguel A"]
[Result "1-0"]
[WhiteElo "1345"]
[BlackElo "1672"]
[PlyCount "81"]
[EventDate "2012.06.21"]
[EventType "swiss"]
[EventRounds "9"]
[EventCountry "ESP"]
[Source "lmi"]
[SourceDate "2012.06.21"]

1. f4 g6 2. Nf3 Bg7 3. e3 c5 4. Nc3 Nc6 5. b3 d5 6. Bb5 Qa5 7. Bxc6+ bxc6 8.
Bb2 Ba6 9. Na4 Nf6 10. Bc3 Qb5 11. d3 O-O 12. O-O Ng4 13. Bxg7 Nxe3 14. Qe1
Nxf1 15. Bxf8 Nxh2 16. Nxh2 Rxf8 17. Qe3 c4 18. dxc4 dxc4 19. Qxa7 cxb3 20.
axb3 Qe2 21. Qf2 Qe4 22. Nc5 Qf5 23. Nxa6 Ra8 24. Ra4 Rd8 25. Qc5 Qe6 26. Qe5
Rd1+ 27. Nf1 Qd7 28. Nc5 Qd8 29. Rb4 Rd6 30. Nb7 Qb8 31. Nxd6 Qxb4 32. Qxe7
Qxf4 33. c4 Qd4+ 34. Ne3 Qf4 35. b4 h5 36. b5 cxb5 37. cxb5 h4 38. b6 h3 39.
gxh3 Qg3+ 40. Ng2 Qb3 41. Qxf7+ 1-0

[Event "4. Open Ciudad de Tres Cantos 2012"]
[Site "Tres Cantos ESP"]
[Date "2012.06.28"]
[Round "8.45"]
[White "Camarero Izquierdo, Juan Carlos"]
[Black "Rodriguez Vellon, Jimena"]
[Result "1-0"]
[WhiteElo "1890"]
[BlackElo "1669"]
[PlyCount "71"]
[EventDate "2012.06.21"]
[EventType "swiss"]
[EventRounds "9"]
[EventCountry "ESP"]
[Source "lmi"]
[SourceDate "2012.06.21"]

1. d4 d5 2. Nc3 Nf6 3. Bg5 e6 4. e4 Be7 5. Bxf6 Bxf6 6. e5 Bg5 7. Qg4 O-O 8. f4
Bh6 9. h4 Nc6 10. O-O-O f5 11. Qf3 Qe7 12. a3 a5 13. Nh3 Qxh4 14. g3 Qg4 15.
Qe3 a4 16. Ng5 Bxg5 17. Be2 Bxf4 18. gxf4 Qg6 19. Bh5 Qg2 20. Rdg1 Qxh1 21.
Rxh1 Na5 22. Nb5 c6 23. Nd6 Nc4 24. Qh3 Nxd6 25. exd6 b5 26. Bf3 h6 27. Rg1 Kh8
28. Qh4 Bd7 29. Qe7 Rg8 30. Qxd7 Rad8 31. Qxe6 Rgf8 32. Qe7 Rg8 33. Rg6 Rde8
34. Qh4 Rd8 35. Rxh6+ gxh6 36. Qxh6# 1-0

[Event "4. Open Ciudad de Tres Cantos 2012"]
[Site "Tres Cantos ESP"]
[Date "2012.06.28"]
[Round "8.46"]
[White "Jarne Anguita, Miguel"]
[Black "Fernandez Garcia, Ignacio"]
[Result "1-0"]
[WhiteElo "1327"]
[BlackElo "1870"]
[PlyCount "79"]
[EventDate "2012.06.21"]
[EventType "swiss"]
[EventRounds "9"]
[EventCountry "ESP"]
[Source "lmi"]
[SourceDate "2012.06.21"]

1. d4 Nf6 2. Nf3 g6 3. e3 Bg7 4. Bd3 d5 5. O-O Bg4 6. Nbd2 Nbd7 7. b3 c6 8. Bb2
Qc7 9. h3 h5 10. hxg4 hxg4 11. Ne5 O-O-O 12. Re1 Rh7 13. Nf1 Rdh8 14. Ng3 Nh5
15. Nxh5 Rxh5 16. Kf1 f5 17. Nxg6 Qh2 18. Nxh8 Bxh8 19. Ke2 Qxg2 20. Rg1 Qf3+
21. Kd2 Qxf2+ 22. Qe2 Qxe2+ 23. Bxe2 c5 24. Rh1 Rxh1 25. Rxh1 Bf6 26. Bd3 e6
27. c4 dxc4 28. Bxc4 cxd4 29. Bxe6 dxe3+ 30. Kc2 Bxb2 31. Kxb2 g3 32. Bxf5 Kd8
33. Bd3 Nc5 34. Bc4 Ke7 35. Rg1 Ne4 36. Kc2 Kf6 37. Bd3 Ke5 38. Bxe4 Kxe4 39.
Rxg3 Kf4 40. Rh3 1-0

[Event "4. Open Ciudad de Tres Cantos 2012"]
[Site "Tres Cantos ESP"]
[Date "2012.06.28"]
[Round "8.47"]
[White "Jimenez Perez, Federico"]
[Black "Diaz Begonte, Manuel"]
[Result "0-1"]
[WhiteElo "1282"]
[BlackElo "1814"]
[PlyCount "102"]
[EventDate "2012.06.21"]
[EventType "swiss"]
[EventRounds "9"]
[EventCountry "ESP"]
[Source "lmi"]
[SourceDate "2012.06.21"]

1. e4 c6 2. d4 d5 3. e5 Bf5 4. Bd3 Bxd3 5. Qxd3 Qa5+ 6. Bd2 Qa6 7. Qf5 e6 8.
Qd3 c5 9. Nf3 Qxd3 10. cxd3 Nc6 11. O-O cxd4 12. a3 Nge7 13. b4 Ng6 14. b5
Ncxe5 15. Bb4 Bxb4 16. axb4 Nxf3+ 17. gxf3 Ne5 18. Rd1 Nxf3+ 19. Kg2 Nh4+ 20.
Kg3 Nf5+ 21. Kf3 Ke7 22. b6 axb6 23. Na3 Rhc8 24. Nb5 Rxa1 25. Rxa1 e5 26. Kg4
Nd6 27. Nxd6 Kxd6 28. h4 Rc3 29. Rd1 Rb3 30. h5 Ke6 31. f4 f5+ 32. Kg5 exf4 33.
Re1+ Kf7 34. Kxf4 Rxd3 35. Kxf5 g6+ 36. hxg6+ hxg6+ 37. Kf4 Rb3 38. Rf1 Ke6 39.
Re1+ Kd6 40. Kg5 Kc6 41. Kxg6 Kb5 42. Kf5 Re3 43. Rd1 d3 44. Kf4 d4 45. Rd2
Kxb4 46. Rb2+ Kc5 47. Rd2 Kc4 48. Rb2 b5 49. Rf2 Re2 50. Kf3 Rxf2+ 51. Kxf2 Kc3
0-1

[Event "4. Open Ciudad de Tres Cantos 2012"]
[Site "Tres Cantos ESP"]
[Date "2012.06.28"]
[Round "8.48"]
[White "Jarne Ubieto, Francisco"]
[Black "Sebastian Enesco, Alex"]
[Result "0-1"]
[WhiteElo "1318"]
[BlackElo "1806"]
[PlyCount "58"]
[EventDate "2012.06.21"]
[EventType "swiss"]
[EventRounds "9"]
[EventCountry "ESP"]
[Source "lmi"]
[SourceDate "2012.06.21"]

1. d4 d5 2. e3 Nf6 3. Nf3 Nc6 4. b3 Bg4 5. Nbd2 e6 6. Bd3 Bd6 7. Bb2 Qe7 8. O-O
e5 9. Re1 e4 10. Bxe4 dxe4 11. h3 exf3 12. hxg4 fxg2 13. Kxg2 h5 14. g5 Nd5 15.
Nf3 O-O-O 16. c4 Nf6 17. gxf6 gxf6 18. Rh1 Qe4 19. Kf1 h4 20. Ke2 h3 21. d5 Ne5
22. Nxe5 Bxe5 23. Bxe5 fxe5 24. Qd3 Qg4+ 25. Kd2 h2 26. e4 Rh3 27. Qf1 Qf4+ 28.
Ke1 Qxe4+ 29. Qe2 Qxh1+ 0-1

[Event "4. Open Ciudad de Tres Cantos 2012"]
[Site "Tres Cantos ESP"]
[Date "2012.06.28"]
[Round "8.52"]
[White "Ojosnegros Martin, Angel"]
[Black "Garcia Minguez, Antonio"]
[Result "1-0"]
[WhiteElo "1488"]
[BlackElo "1463"]
[PlyCount "93"]
[EventDate "2012.06.21"]
[EventType "swiss"]
[EventRounds "9"]
[EventCountry "ESP"]
[Source "lmi"]
[SourceDate "2012.06.21"]

1. e4 c5 2. Nf3 Nc6 3. d4 cxd4 4. Nxd4 e6 5. Nc3 Nf6 6. Nxc6 bxc6 7. Bd3 Be7 8.
O-O O-O 9. b3 d5 10. Bb2 Bb7 11. Qe2 Qc7 12. Na4 dxe4 13. Bxe4 Nxe4 14. Qxe4
Bd6 15. h3 c5 16. Qg4 Be5 17. Bxe5 Qxe5 18. Rfe1 Qd5 19. c4 Qc6 20. f3 Rad8 21.
Rad1 Rd6 22. Qg5 Rc8 23. Nc3 h6 24. Qe7 Rd4 25. Rxd4 cxd4 26. Nb5 Re8 27. Qh4
e5 28. Nxa7 Qa6 29. Nb5 Qb6 30. Qf2 Bc8 31. Nxd4 Qg6 32. Kh1 f5 33. Nb5 e4 34.
Nc7 Rf8 35. Nd5 Qf7 36. fxe4 f4 37. e5 f3 38. Qxf3 Qe6 39. Qg3 Rf5 40. Qe3 Rh5
41. Nf4 Qf7 42. Nxh5 Qxh5 43. e6 Bb7 44. Re2 Qg6 45. Kh2 h5 46. e7 Qd6+ 47. Qg3
1-0

[Event "4. Open Ciudad de Tres Cantos 2012"]
[Site "Tres Cantos ESP"]
[Date "2012.06.29"]
[Round "9.1"]
[White "Erice Alonso, Santiago"]
[Black "Rausis, Igor"]
[Result "0-1"]
[WhiteElo "2010"]
[BlackElo "2514"]
[PlyCount "76"]
[EventDate "2012.06.21"]
[EventType "swiss"]
[EventRounds "9"]
[EventCountry "ESP"]
[Source "lmi"]
[SourceDate "2012.06.21"]

1. e4 d6 2. c4 c5 3. Nc3 Nc6 4. Nge2 Nd4 5. Nxd4 cxd4 6. Nd5 e6 7. Nf4 Ne7 8.
g3 g6 9. Bg2 Bg7 10. O-O O-O 11. d3 a5 12. b3 Bd7 13. Bb2 Rc8 14. a3 b5 15. a4
b4 16. Ra2 Nc6 17. Kh1 Nb8 18. Ne2 e5 19. Bc1 Na6 20. Ng1 Nc5 21. f4 f5 22.
Raf2 fxe4 23. Bxe4 Nxe4 24. dxe4 Bc6 25. Qd3 Qe7 26. Re1 Rce8 27. Rfe2 Qb7 28.
Nf3 Re7 29. fxe5 dxe5 30. Kg1 h6 31. Nd2 Ref7 32. Rf1 Rxf1+ 33. Nxf1 Qc8 34.
Rf2 Rxf2 35. Kxf2 Qg4 36. Nd2 Qd1 37. Qf1 Qc2 38. Qe1 h5 0-1

[Event "4. Open Ciudad de Tres Cantos 2012"]
[Site "Tres Cantos ESP"]
[Date "2012.06.29"]
[Round "9.2"]
[White "Fernandez Blazquez, Diego"]
[Black "Lorite Cruz, Francisco"]
[Result "1/2-1/2"]
[WhiteElo "2185"]
[BlackElo "2025"]
[PlyCount "33"]
[EventDate "2012.06.21"]
[EventType "swiss"]
[EventRounds "9"]
[EventCountry "ESP"]
[Source "lmi"]
[SourceDate "2012.06.21"]

1. d4 Nf6 2. c4 e5 3. dxe5 Ng4 4. Bf4 Bb4+ 5. Nd2 Nc6 6. Ngf3 Qe7 7. a3 Bxd2+
8. Qxd2 Ngxe5 9. Nxe5 Nxe5 10. e3 d6 11. Be2 O-O 12. Qc3 Re8 13. O-O Bg4 14.
Bxg4 Nxg4 15. f3 Ne5 16. Rfe1 Qe6 17. Bxe5 1/2-1/2

[Event "4. Open Ciudad de Tres Cantos 2012"]
[Site "Tres Cantos ESP"]
[Date "2012.06.29"]
[Round "9.3"]
[White "Alvarez Abejon, Amilcar"]
[Black "Rivera Leon, Mauro Arturo"]
[Result "1/2-1/2"]
[WhiteElo "2074"]
[BlackElo "2097"]
[PlyCount "34"]
[EventDate "2012.06.21"]
[EventType "swiss"]
[EventRounds "9"]
[EventCountry "ESP"]
[Source "lmi"]
[SourceDate "2012.06.21"]

1. e4 e5 2. Nf3 Nc6 3. Bb5 a6 4. Bxc6 dxc6 5. O-O Bg4 6. h3 h5 7. d3 Qf6 8.
Nbd2 Ne7 9. Re1 Ng6 10. d4 Bd6 11. hxg4 hxg4 12. Nh2 Rxh2 13. Qxg4 Qh4 14. Qxh4
Rxh4 15. Nf3 Rh5 16. dxe5 Nxe5 17. Nxe5 Bxe5 1/2-1/2

[Event "4. Open Ciudad de Tres Cantos 2012"]
[Site "Tres Cantos ESP"]
[Date "2012.06.29"]
[Round "9.5"]
[White "Pastor Alonso De Prado, Alberto"]
[Black "Sterling Carmona, Francisco"]
[Result "1/2-1/2"]
[WhiteElo "2191"]
[BlackElo "1916"]
[PlyCount "47"]
[EventDate "2012.06.21"]
[EventType "swiss"]
[EventRounds "9"]
[EventCountry "ESP"]
[Source "lmi"]
[SourceDate "2012.06.21"]

1. e4 d6 2. d4 Nf6 3. Nc3 e5 4. Nf3 Nbd7 5. Bc4 Be7 6. O-O O-O 7. Re1 c6 8. a4
a5 9. h3 Qc7 10. Ba2 exd4 11. Nxd4 Nc5 12. Qf3 Be6 13. Nxe6 fxe6 14. Qg3 Kh8
15. f3 e5 16. Be3 Ncd7 17. Rad1 Nh5 18. Qg4 Nf4 19. Ne2 Nf6 20. Qg3 N6h5 21.
Qf2 Qd8 22. Bb6 Qe8 23. Be3 Qd8 24. Bb6 1/2-1/2

[Event "4. Open Ciudad de Tres Cantos 2012"]
[Site "Tres Cantos ESP"]
[Date "2012.06.29"]
[Round "9.9"]
[White "Martin Garcia, Guillermo"]
[Black "Lopez Moll, Jose Manuel"]
[Result "1-0"]
[WhiteElo "1977"]
[BlackElo "1996"]
[PlyCount "41"]
[EventDate "2012.06.21"]
[EventType "swiss"]
[EventRounds "9"]
[EventCountry "ESP"]
[Source "lmi"]
[SourceDate "2012.06.21"]

1. e4 e5 2. Nf3 Nc6 3. Bc4 Be7 4. c3 Nf6 5. d3 O-O 6. Bb3 d6 7. O-O Bg4 8. Nbd2
d5 9. h3 Bh5 10. Re1 Re8 11. Qe2 Bf8 12. Nf1 h6 13. Ng3 Bxf3 14. Qxf3 g6 15.
exd5 Na5 16. Ba4 c6 17. dxc6 Nxc6 18. Bxc6 bxc6 19. Qxc6 Nd5 20. Ne4 Rc8 21.
Qxd5 1-0

[Event "4. Open Ciudad de Tres Cantos 2012"]
[Site "Tres Cantos ESP"]
[Date "2012.06.29"]
[Round "9.10"]
[White "Lopez Ziegler, Carlos"]
[Black "Rodrigo Yanguas, Maria"]
[Result "0-1"]
[WhiteElo "1913"]
[BlackElo "2198"]
[PlyCount "46"]
[EventDate "2012.06.21"]
[EventType "swiss"]
[EventRounds "9"]
[EventCountry "ESP"]
[Source "lmi"]
[SourceDate "2012.06.21"]

1. d4 d5 2. Nc3 Nf6 3. Bg5 Bf5 4. f3 Nbd7 5. Nxd5 Nxd5 6. e4 f6 7. Bh4 e5 8.
exd5 exd4 9. Qxd4 Bc5 10. Qd2 Qe7+ 11. Qe2 Bxc2 12. Qxe7+ Bxe7 13. Kd2 Bg6 14.
Re1 Kf7 15. Kc3 Nb6 16. Bc4 Nxc4 17. Kxc4 c6 18. dxc6 Rac8 19. Kb3 Rxc6 20. a3
Rd8 21. Ne2 Rd2 22. Nf4 Rb6+ 23. Ka4 Rd4+ 0-1

[Event "4. Open Ciudad de Tres Cantos 2012"]
[Site "Tres Cantos ESP"]
[Date "2012.06.29"]
[Round "9.11"]
[White "Montoya Pecurul, Marc"]
[Black "Julian Serra, Rogelio"]
[Result "1/2-1/2"]
[WhiteElo "1892"]
[BlackElo "2057"]
[PlyCount "51"]
[EventDate "2012.06.21"]
[EventType "swiss"]
[EventRounds "9"]
[EventCountry "ESP"]
[Source "lmi"]
[SourceDate "2012.06.21"]

1. e4 d5 2. exd5 Nf6 3. Nf3 Nxd5 4. d4 Bg4 5. Be2 e6 6. O-O Nc6 7. c4 Nb6 8.
Be3 Bxf3 9. Bxf3 Nxc4 10. Bxc6+ bxc6 11. Qa4 Nb6 12. Qxc6+ Qd7 13. Qf3 Nd5 14.
Nc3 c6 15. Rac1 Rb8 16. b3 Bd6 17. Ne4 O-O 18. Rc4 Rb6 19. Rfc1 Ra6 20. Qe2 Qc7
21. h3 Rc8 22. Nc5 Rb6 23. Bd2 Bf4 24. Bxf4 Nxf4 25. Qg4 Rd8 26. Na4 1/2-1/2

[Event "4. Open Ciudad de Tres Cantos 2012"]
[Site "Tres Cantos ESP"]
[Date "2012.06.29"]
[Round "9.12"]
[White "Lopez De Turiso, Jose Angel"]
[Black "Campos Palacios, Daniel"]
[Result "1-0"]
[WhiteElo "2044"]
[BlackElo "1896"]
[PlyCount "57"]
[EventDate "2012.06.21"]
[EventType "swiss"]
[EventRounds "9"]
[EventCountry "ESP"]
[Source "lmi"]
[SourceDate "2012.06.21"]

1. e4 c5 2. Nf3 e6 3. c3 Nf6 4. e5 Nd5 5. g3 d6 6. exd6 Bxd6 7. Bg2 Nc6 8. d4
cxd4 9. Nxd4 Nxd4 10. Qxd4 O-O 11. O-O Qc7 12. Nd2 Rd8 13. Qc4 Rb8 14. Qxc7
Bxc7 15. Nc4 b5 16. Ne3 Bb7 17. a4 a6 18. axb5 axb5 19. Nxd5 Bxd5 20. Be3 Be5
21. Bc5 g5 22. Rfd1 Bxg2 23. Rxd8+ Rxd8 24. Kxg2 Rd2 25. Rb1 g4 26. Kf1 Rc2 27.
Ke1 Rxb2 28. Rxb2 Bxc3+ 29. Rd2 1-0

[Event "4. Open Ciudad de Tres Cantos 2012"]
[Site "Tres Cantos ESP"]
[Date "2012.06.29"]
[Round "9.14"]
[White "Ruiz Sanchez, Roberto"]
[Black "Pindado Campos, Raul"]
[Result "0-1"]
[WhiteElo "2005"]
[BlackElo "1908"]
[PlyCount "71"]
[EventDate "2012.06.21"]
[EventType "swiss"]
[EventRounds "9"]
[EventCountry "ESP"]
[Source "lmi"]
[SourceDate "2012.06.21"]

1. e4 c5 2. Nf3 e6 3. d4 cxd4 4. Nxd4 a6 5. Bd3 Nf6 6. O-O d6 7. c4 Be7 8. Nc3
O-O 9. Kh1 Bd7 10. f4 Qc7 11. Qe2 e5 12. fxe5 dxe5 13. Nf5 Bxf5 14. Rxf5 Nc6
15. Be3 Rad8 16. Nd5 Qd7 17. Raf1 Nxd5 18. exd5 Nd4 19. Bxd4 exd4 20. Qf2 Bc5
21. Rh5 g6 22. Rh3 Qe7 23. a3 a5 24. Qd2 b6 25. Re1 Qd7 26. b4 axb4 27. axb4
Bd6 28. Qh6 f5 29. Re6 Qg7 30. Qd2 Rfe8 31. Bxf5 gxf5 32. Rxd6 Rxd6 33. c5 bxc5
34. bxc5 Ra6 35. Qd1 Rea8 36. Rg3 0-1

[Event "4. Open Ciudad de Tres Cantos 2012"]
[Site "Tres Cantos ESP"]
[Date "2012.06.29"]
[Round "9.15"]
[White "Palenciano Escolar, Adrian"]
[Black "Gomez Celdran, Francisco Miguel"]
[Result "0-1"]
[WhiteElo "1595"]
[BlackElo "1965"]
[PlyCount "50"]
[EventDate "2012.06.21"]
[EventType "swiss"]
[EventRounds "9"]
[EventCountry "ESP"]
[Source "lmi"]
[SourceDate "2012.06.21"]

1. e4 Nf6 2. e5 Nd5 3. d4 d6 4. Nf3 Bg4 5. Be2 c6 6. h3 Bxf3 7. Bxf3 dxe5 8.
dxe5 e6 9. O-O Nd7 10. Qe2 Qc7 11. c4 Ne7 12. Bh5 Qxe5 13. Qxe5 Nxe5 14. b3 g6
15. Be2 Bg7 16. Nc3 Nxc4 17. bxc4 Bxc3 18. Rb1 b6 19. Bf3 Rd8 20. Rb3 Bd4 21.
Re1 O-O 22. Bg5 f6 23. Bh6 Rfe8 24. Rxe6 Be5 25. Bxc6 Rd1# 0-1